Tous les français en NBA en 2025 - Statistiques

Statistiques générales
  • Ce quiz a été pris 567 fois
  • Le résultat moyen est 11 sur 15
Statistiques - réponses
Franchise Joueur % Correct
San Antonio Spurs Victor Wembanyama
96%
Atlanta Hawks Zaccharie Risacher
93%
Washington Wizards Bilal Coulibaly
92%
Washington Wizards Alexandre Sarr
90%
Los Angeles Clippers Nicolas Batum
89%
Philadelphia 76ers Guerschon Yabusele
87%
Minnesota Timberwolves Rudy Gobert
87%
Charlotte Hornets Tidjane Salaün
71%
Charlotte Hornets Moussa Diabaté
67%
Oklahoma City Thunder Ousmane Dieng
63%
San Antonio Spurs Sidy Cissoko
61%
Portland Trail Blazers Rayan Rupert
56%
Brooklyn Nets Killian Hayes
52%
Los Angeles Lakers Armel Traoré
50%
New York Knicks Pacôme Dadiet
50%
Aucun quiz correspondant
Distribution des résultats
% des personnes avec chaque résultat
Percentile par nombre de réponses
Votre historique - résultats
Vous n’avez pas pris ce quiz